000 00778nam a2200253 i 4500
001 000030891
003 DO-SdBNP
005 20240312150206.0
007 ta
008 110603s1958 dr 000 p spa d
040 _aDO-SdBNP
_bspa
_cBNPHU
_erda
049 _aBNPD
082 4 _bS211
_222
100 1 _aSánchez Lamouth, Juan,
_d1929-1968
_920547
_eator
245 1 0 _a50 cantos a Trujillo y una oda a Venezuela /
_cJuan Sánchez Lamouth.
246 1 1 _aCincuenta cantos a Trujillo y una oda a Venezuela
264 _aCiudad Trujillo :
_bDel caribe,
_c1958.
300 _a128 páginas ;
_c23 cm.
336 _2rdacontent
_atexto
_btxt
337 _2rdamedia
_asin mediación
_bn
338 _2rdacarrier
_avolumen
_bnc
590 _aInventariado, 2024/BT
942 _2ddc
_cLBS1
999 _c30383
_d30383